Katseye - Katseye Member Sudden Death Quiz - Statistics

General Stats
  • This quiz has been taken 217 times
  • The average score is 6 of 6
Answers on the Grid
Answers color-coded by a green-red scale on the quiz's grid according to % correct below.
Sophia
Lara
Megan
Manon
Yoonchae
Olivia
Taylor
Sabrina
Tate
Brooklyn
Lexie
Daniela
 
Answer Stats
Answer % Correct
Manon
97%
Daniela
96%
Lara
96%
Megan
96%
Yoonchae
96%
Sophia
94%
No matching quizzes found
Score Distribution
Percent of People with Each Score
Percentile by Number Answered
Your Score History
You have not taken this quiz